Employment law

Bibliographic Details
Format: Book
Published: London : Cavendish Publishing Limited , 1996
Subjects:

MARC

LEADER 00000cam a2200000 7i4500
001 0000009592
002 000010451
005 .0
020 |a 1859411436 
090 0 0 |a 344.1041   |b LOC 
245 1 0 |a Employment law   |c Lockton Deborah 
260 |a London :   |b Cavendish Publishing Limited ,   |c 1996 
300 |a 308p. ;   |c 21cm. 
650 0 0 |a Labor laws and legislation 
999 |a 047517   |b BUKU   |c PINJAMAN   |e PERPUSTAKAAN KOMUNITI PETALING JAYA